Statistics for Directors of the Most Popular Letterboxd Films

Click here to take the quiz!

General Stats

  • This quiz has been taken 40 times
  • The average score is 137 of 250

Answer Stats

FilmDirector% Correct
Fantastic Mr. FoxWes Anderson
100%
Batman Begins | Dunkirk | Inception | +6 othersChristopher Nolan
100%
Goodfellas | Shutter Island | Taxi Driver | +3 othersMartin Scorsese
100%
Inglourious Basterds | Kill Bill: Vol. 1 | Kill Bill: Vol. 2 | +4 othersQuentin Tarantino
100%
2001: A Space Odyssey | A Clockwork Orange | The ShiningStanley Kubrick
100%
Moonrise Kingdom | The French Dispatch | The Grand Budapest HotelWes Anderson
100%
Lost in TranslationSofia Coppola
96%
ParasiteBong Joon-ho
92%
Apocalypse Now | The Godfather | The Godfather Part IIFrancis Ford Coppola
92%
Get Out | Nope | UsJordan Peele
92%
Catch Me If You Can | Jaws | Jurassic Park | +2 othersSteven Spielberg
92%
Fight Club | Gone Girl | Se7en | +2 othersDavid Fincher
88%
Star Wars | Star Wars: Episode I - The Phantom Menace | Star Wars: Episode III - Revenge of the SithGeorge Lucas
88%
Licorice Pizza | There Will Be BloodPaul Thomas Anderson
88%
Brokeback MountainAng Lee
84%
Babylon | La La Land | WhiplashDamien Chazelle
84%
Avatar | Avatar: The Way of Water | TitanicJames Cameron
84%
Fargo | The Big LebowskiJoel Coen
84%
No Country for Old MenJoel Coen / Ethan Coen
84%
The Lord of the Rings: The Fellowship of the Ring | The Lord of the Rings: The Return of the King | The Lord of the Rings: The Two TowersPeter Jackson
84%
1917 | American BeautySam Mendes
84%
BlacKkKlansmanSpike Lee
84%
Jojo Rabbit | Thor: Love and Thunder | Thor: RagnarokTaika Waititi
84%
PsychoAlfred Hitchcock
80%
Lady Bird | Little WomenGreta Gerwig
80%
The Shape of WaterGuillermo del Toro
80%
Glass Onion | Knives Out | Star Wars: The Last JediRian Johnson
80%
Arrival | Blade Runner 2049 | Dune | PrisonersDenis Villeneuve
76%
HerSpike Jonze
76%
Avengers: Endgame | Avengers: Infinity War | Captain America: Civil War | Captain America: The Winter SoldierAnthony Russo / Joe Russo
72%
Guardians of the Galaxy | Guardians of the Galaxy: Vol. 2 | Guardians of the Galaxy: Vol. 3 | The Suicide SquadJames Gunn
72%
Alien | Blade Runner | The MartianRidley Scott
72%
Edward ScissorhandsTim Burton
72%
JokerTodd Phillips
72%
Howl's Moving Castle | My Neighbor Totoro | Princess Mononoke | Spirited AwayHayao Miyazaki
68%
Back to the Future | Forrest GumpRobert Zemeckis
68%
Mulholland DriveDavid Lynch
64%
Iron Man | Iron Man 2Jon Favreau
64%
Doctor Strange in the Multiverse of Madness | Spider-Man | Spider-Man 2Sam Raimi
64%
Incredibles 2 | Ratatouille | The IncrediblesBrad Bird
60%
Black Swan | Requiem for a Dream | The WhaleDarren Aronofsky
60%
Baby Driver | Last Night in Soho | Scott Pilgrim vs. the WorldEdgar Wright
60%
Pride & PrejudiceJoe Wright
60%
Birdman | The RevenantAlejandro González Iñárritu
56%
Harry Potter and the Prisoner of AzkabanAlfonso Cuarón
56%
Everything Everywhere All at OnceDaniel Scheinert / Daniel Kwan
56%
The Shawshank RedemptionFrank Darabont
56%
Mad Max: Fury RoadGeorge Miller
56%
Star Wars: The Force Awakens | Star Wars: The Rise of SkywalkerJ.J. Abrams
56%
The MatrixLana Wachowski / Lilly Wachowski
56%
Black Panther | Black Panther: Wakanda ForeverRyan Coogler
56%
DeadpoolTim Miller
56%
Hereditary | MidsommarAri Aster
52%
MoonlightBarry Jenkins
52%
Harry Potter and the Chamber of Secrets | Harry Potter and the Philosopher's Stone | Home AloneChris Columbus
52%
A Quiet PlaceJohn Krasinski
52%
The Silence of the LambsJonathan Demme
52%
Wonder WomanPatty Jenkins
52%
Uncut GemsJosh Safdie / Benny Safdie
48%
Avengers: Age of Ultron | The AvengersJoss Whedon
48%
SplitM. Night Shyamalan
48%
Don't Look UpAdam McKay
44%
Elvis | The Great GatsbyBaz Luhrmann
44%
TrainspottingDanny Boyle
44%
Good Will HuntingGus Van Sant
44%
Ferris Bueller's Day Off | The Breakfast ClubJohn Hughes
44%
Booksmart | Don't Worry DarlingOlivia Wilde
44%
The Lighthouse | The Northman | The WitchRobert Eggers
44%
Toy StoryJohn Lasseter
40%
ScarfaceBrian De Palma
40%
EternalsChloe Zháo
40%
The ThingJohn Carpenter
40%
Léon: The ProfessionalLuc Besson
40%
The Banshees of InisherinMartin McDonagh
40%
The BatmanMatt Reeves
40%
Eternal Sunshine of the Spotless MindMichel Gondry
40%
Dead Poets Society | The Truman ShowPeter Weir
40%
Coco | Toy Story 3Lee Unkrich
36%
Harry Potter and the Deathly Hallows: Part 1 | Harry Potter and the Deathly Hallows: Part 2 | Harry Potter and the Half-Blood Prince | Harry Potter and the Order of the PhoenixDavid Yates
36%
ThorKenneth Branagh
36%
ScreamWes Craven
36%
ZootopiaByron Howard / Rich Moore
32%
Inside Out | Monsters, Inc. | Soul | UpPete Docter
32%
Spider-Man: Far From Home | Spider-Man: Homecoming | Spider-Man: No Way HomeJon Watts
32%
American PsychoMary Harron
32%
DriveNicholas Winding Refn
32%
Marriage StoryNoah Baumbach
32%
OldboyPark Chan-wook
32%
Before SunriseRichard Linklater
32%
Finding Nemo | WALL·EAndrew Stanton
28%
EncantoByron Howard / Jared Bush
28%
Call Me by Your NameLuca Guadagnino
28%
Triangle of SadnessRuben Östlund
28%
The Empire Strikes BackIrvin Kershner
24%
LoganJames Mangold
24%
Top Gun: MaverickJoseph Kosinski
24%
tick, tick...BOOM!Lin-Manuel Miranda
24%
(500) Days of Summer | The Amazing Spider-ManMarc Webb
24%
The LobsterYorgos Lanthimos
24%
Turning RedDomee Shi
20%
Bohemian RhapsodyBryan Singer
20%
AftersunCharlotte Wells
20%
Pirates of the Caribbean: The Curse of the Black PearlGore Verbinski
20%
Harry Potter and the Goblet of FireMike Newell
20%
TárTodd Field
20%
Ex MachinaAlex Garland
16%
ItAndy Muschietti
16%
Coraline | The Nightmare Before ChristmasHenry Selick
16%
Spider-Man: Into the Spider-VerseRodney Rothman / Peter Ramsey / Bob Persichetti
16%
Portrait of a Lady on FireCéline Sciamma
16%
John WickChad Stahelski
16%
Suicide SquadDavid Ayer
16%
Rogue One: A Star Wars StoryGareth Edwards
16%
JunoJason Reitman
16%
AmélieJean-Pierre Jeunet
16%
Iron Man 3Shane Black
16%
Pearl | XTi West
16%
CluelessAmy Heckerling
12%
Your Name.Makoto Shinkai
12%
Perfect BlueSatoshi Kon
12%
Bullet Train | Deadpool 2David Leitch
12%
The MenuMark Mylod
12%
Mean GirlsMark Waters
12%
Return of the JediRichard Marquand
12%
Black WidowCate Shortland
8%
NightcrawlerDan Gilroy
8%
Shang-Chi and the Legend of the Ten RingsDestin Daniel Cretton
8%
The Hunger GamesGary Ross
8%
SuperbadGreg Mottola
8%
Captain America: The First AvengerJoe Johnston
8%
Ant-ManPeyton Reed
8%
Donnie DarkoRichard Kelly
8%
Captain MarvelRyan Fleck / Anna Boden
8%
Doctor StrangeScott Derrickson
8%
The Florida ProjectSean Baker
8%
Shrek 2Andrew Adamson / Kelly Asbury / Conrad Vernon
4%
ShrekAndrew Adamson / Vicky Jenson
4%
LucaEnrico Casarosa
4%
Puss in Boots: The Last WishJoel Crawford
4%
The Lion KingRoger Allers / Bob Minkoff
4%
I, TonyaCraig Gillespie
4%
Sound of MetalDarius Marder
4%
The Devil Wears PradaDavid Frankel
4%
10 Things I Hate About YouGil Junger
4%
Little Miss SunshineJonathan Dayton / Valerie Faris
4%
The Perks of Being a WallflowerStephen Chbosky
4%
The Super Mario Bros. MovieMichael Jelenic / Aaron Horvath
0%
BarbarianZach Cregger
0%

Score Distribution

Percentile by Number Answered

Percent of People with Each Score

Your Score History

You have not taken this quiz